000 00730nam a2200205Ii 4500
003 JO-AjNU
008 230605s9999||||xx |||||||||||||| ||und||
040 _aJO-AjNU
_bara
_erda
_cJO-AjNU
041 _aara
050 1 4 _aBP193.13
100 3 _aالقطب، محمد علي,
_eauthor
_98902
245 0 0 _aالإمام الحسين بن علي عليه السلام أبو الشهداء وسيد شباب أهل الجنة
264 3 1 _aبيروت: منشورات المكتبة العصرية، د.ت
300 _a318ص
336 _atext
_btxt
_2rdacontent
337 _aunmediated
_bn
_2rdamedia
338 _avolume
_bnc
_2rdacarrier
490 0 _aشهداء كربلاء 9
650 4 _aالاسلام- التراجم
_98903
999 _aA1025
_c4593
_d4593